000 00928nam a22002897a 4500
001 7367
003 FISKH
005 20250710160155.0
008 250710b cb ||||| |||| 00| 0 eng d
020 _a9780141346434
040 _aFISKH
_beng
_cFISKH
_dFISKH
050 _aPZ7.D1515 D
082 _a823.914
100 _aDahl, Roald
245 _aDanny the champion of the world /
_cBy Roald Dahl : llustrated By Quentin Blake
260 _aLondon :
_bPuffin Books ,
_c1975.
300 _a213 pages :
_billustrations ;
_c20 cm.
505 _aR
520 _aA young English boy describes his relationship with his father and the special adventure they share together.
521 8 _a770
_bLexile
521 8 _aR
_bRaz-Plus
650 _aAdventure
_vJuvenile Literature
650 _aHunting
_vJuvenile Literature
700 _aBlake, Quetin
_eIllustration
942 _2ddc
_cBK
_n0
999 _c7367
_d7367